|
|
|
|
| LEADER |
00989nam a2200253 a 4500 |
| 001 |
1193424 |
| 008 |
090527s1997 enka b 001 0beng d |
| 010 |
|
|
|a 97217905
|
| 020 |
|
|
|a 8173711305
|
| 020 |
|
|
|a 0670872458
|
| 040 |
|
|
|a NjP
|c NjP
|d DLC
|
| 082 |
0 |
0 |
|a 530/.092
|a B
|2 21
|
| 100 |
1 |
|
|a Gribbin, John R.
|
| 245 |
1 |
0 |
|a Richard Feynman :
|b a life in science /
|c John and Mary Gribbin.
|
| 260 |
|
|
|a London ;
|a New York :
|b Viking ;
|a New Delhi :
|b University press
|c 1997.
|
| 300 |
|
|
|a xvii, 301 p. :
|b ill. ;
|c 24 cm.
|
| 504 |
|
|
|a Includes bibliographical references (p. [285]-287) and index.
|
| 541 |
1 |
|
|e 00011397
|
| 600 |
1 |
0 |
|a Feynman, Richard Phillips.
|
| 650 |
|
0 |
|a Physicists
|z United States
|x Biography.
|
| 700 |
1 |
|
|a Gribbin, Mary.
|
| 852 |
4 |
|
|a Ayesha Abed Library
|j General shelf
|
| 999 |
|
|
|c 1133
|d 1133
|
| 952 |
|
|
|0 0
|1 0
|2 ddc
|4 0
|6 530_000000000000000__092_GRI
|7 0
|9 1023
|a BRACUL
|b BRACUL
|c GEN
|d 2009-06-24
|g 273.00
|l 3
|m 12
|o 530.092 GRI
|p 3010011397
|r 2022-12-13
|s 2022-10-17
|t 1
|v 542.00
|w 2009-06-24
|y BK
|